000 01219nam a2200325 a 4500
001 000115470
003 CHAP
005 20220329144536.0
008 190527s2019 mx a sm |||||||spa d
010 _a111931
011 _a112903
040 _cCHAP
090 _aTesis
100 1 _aVázquez Ortiz, María Guadalupe.
_9135760
245 1 0 _aEgresados de la Universidad Autónoma de Chapingo y medio rural :
_h[En línea]
_b¿De regreso a la comunidad? /
_cpor María Guadalupe Vázquez Ortiz.
260 _aChapingo, Méx. :
_bEl autor,
_c2019.
500 _aPara ver el contenido del material haga clic en la liga
502 _aTesis (M.C. en Sociología Rural) -- UACH. Departamento de Sociología Rural
590 _aBATCH-UPD
_b05
_c20190527
_lUCH01
_h1557
590 _aE11695DGD
_b10
_c20190528
_lUCH01
_h1008
590 _aE8697GMM
_b05
_c20190527
_lUCH01
_h1515
590 _aE8697GMM
_b05
_c20190527
_lUCH01
_h1518
590 _aE8697GMM
_b05
_c20190527
_lUCH01
_h1557
650 1 4 _aEducación agrícola
_xEgresados.
_935515
650 1 4 _aEducacion superior
_xEgresados.
_935402
856 _aFinding aid
_uhttp://10.13.5.2/tesis/sist115470.pdf
_zTeclea aquí
901 _aBK
942 _cTESIS
942 _n0
999 _c111931
_d111931